| 000 | 00775nam a22002297a 4500 | ||
|---|---|---|---|
| 003 | OSt | ||
| 005 | 20240722143124.0 | ||
| 008 | 240718b |||||||| |||| 00| 0 eng d | ||
| 020 | _a0632001291 (paperback) | ||
| 040 |
_aNUST _beng _cNUST _dNUST _erda |
||
| 050 | _aRF46 FOX | ||
| 100 |
_aFoxen, E. H. Miles _eAuthor |
||
| 245 |
_aLecture notes on diseases of the ear nose and throat/ _cFoxen, E. H. Miles |
||
| 300 |
_ax, 226 pages: _bIllustrations ; _c22 cm. |
||
| 336 |
_2rdamedia _atext _btxt |
||
| 337 |
_2rdamedia _aunmediated _bn |
||
| 338 |
_2rdamedia _avolume _bnc |
||
| 504 | _aIncludes bibliographical references and index. | ||
| 650 | _vOtolaryngology | ||
| 650 | _vDiseases- Nose - Throat | ||
| 942 |
_2lcc _cBOOKS _eTenth edition. _hRF46FOX _kRF _mFOX _n0 |
||
| 999 |
_c170851 _d170851 |
||